| 000 | 00448nam a2200181Ia 4500 | ||
|---|---|---|---|
| 001 | 8968 | ||
| 005 | 20260306160649.0 | ||
| 008 | 260306t2014||||xx |||||||||||||| ||spa|| | ||
| 041 | _aESP | ||
| 082 |
_a372.19 _bZ89 |
||
| 100 |
_aZubiría Samper, Julián de _eAUT |
||
| 245 | 0 | _aCómo diseñar un currículo por competencias | |
| 260 | _c2014 | ||
| 300 |
_a270 páginas : _c24 cm. |
||
| 650 | _aGEN | ||
| 654 | _aCED | ||
| 942 |
_cLIB _dJUS _fJUS _2ddc _n |
||
| 999 |
_c8968 _d8968 |
||